| 000 | 00922nac a22003011i 4500 | ||
|---|---|---|---|
| 003 | EG-ScBUE | ||
| 005 | 20240820120004.0 | ||
| 008 | 170925s2005 enka f d f000 0 eng d | ||
| 020 | _a9780192806413 | ||
| 020 | _a0192806416 | ||
| 040 |
_aEG-ScBUE _beng _erda _cEG-ScBUE _dEG-ScBUE |
||
| 082 | 0 | 4 |
_a503 _bDIC _222 |
| 245 | 0 | 2 | _aA dictionary of science. |
| 246 | 3 | 4 | _aOxford dictionary of science |
| 250 | _aFifth edition. | ||
| 264 | 1 |
_aOxford ; _aNew York : _bOxford University Press, _c2005. |
|
| 300 |
_a888 pages : _billustrations ; _c20 cm. |
||
| 336 |
_2rdacontent _atext _btxt |
||
| 337 |
_aunmediated _2rdamedia _bn |
||
| 338 |
_avolume _bnc _2rdacarrier |
||
| 490 | 0 | _aOxford paperback reference | |
| 500 | _aIncludes Appendices. | ||
| 650 | 7 |
_aScience _vDictionaries. _2BUEsh _98891 |
|
| 651 | _2BUEsh | ||
| 653 |
_bHHUUEENN _bGGEN _cSeptember2017 _dBestSellers |
||
| 655 | _vReading book | ||
| 942 |
_cNB _2ddc |
||
| 999 |
_c3306 _d3306 |
||